000 01049nam0a2200325 4500
001 RU\NLR\bibl\1235938
005 20250615115627.0
010 _a978-5-382-00537-9
021 _aRU
_b2008-27527
_91523
035 _a(NLR Aleph) 001222173
090 _a145367
_c145367
100 _a20080603d2008 |||y0rusy50 ca
101 0 _arus
102 _aRU
105 _aa |||||||||
200 1 _aВеликая теорема Ферма
_eисследование проблемы
_fВ.Ф. Блинов
210 _aМосква
_cURSS
_cИзд-во ЛКИ
_d2008
215 _a146, [1] с.
_cил.
_d22
225 1 _aRelata Refero
320 _aБиблиогр. в конце кн. (11 назв.)
606 1 _aФерма теорема
_92078482
_3RU\NLR\auth\661254341
686 _aВ142.21
700 1 _aБлинов
_bВ. Ф.
_gВиталий Филиппович
_4070
801 0 _aRU
_bNLR
_c20080603
_gRCR
801 1 _aRU
_bNLR
_c20080603
830 _aавт. по кн.
942 _cBOOK
980 _aNB